Seleções da FIFA - Statistics

Estatísticas Gerais
  • Esse quiz foi jogado 50 vezes
  • A pontuação média é 137 de 211
Estatísticas das Respostas
Confederação Seleção % Correto
CONMEBOL Argentina
97%
CONMEBOL Brasil
94%
UEFA Áustria
92%
AFC Austrália
89%
CONMEBOL Equador
89%
CONMEBOL Peru
89%
CONMEBOL Uruguai
89%
CAF África do Sul
86%
CONCACAF Canadá
86%
CONMEBOL Chile
86%
CONMEBOL Colômbia
86%
UEFA Eslováquia
86%
UEFA Eslovênia
86%
CONCACAF Estados Unidos
86%
CONMEBOL Paraguai
86%
CONMEBOL Venezuela
86%
UEFA Alemanha
83%
CONMEBOL Bolívia
83%
AFC China
83%
CONCACAF Costa Rica
83%
UEFA Espanha
83%
UEFA França
83%
CONCACAF Honduras
83%
OFC Nova Zelândia
83%
UEFA Andorra
81%
AFC Coreia do Norte
81%
AFC Coreia do Sul
81%
UEFA Croácia
81%
UEFA Grécia
81%
CONCACAF Guiana
81%
AFC Irã
81%
UEFA Irlanda
81%
AFC Japão
81%
CONCACAF México
81%
UEFA Portugal
81%
UEFA Sérvia
81%
CONCACAF Suriname
81%
UEFA Albânia
78%
UEFA Bélgica
78%
UEFA Dinamarca
78%
CAF Egito
78%
CONCACAF El Salvador
78%
UEFA Finlândia
78%
UEFA Inglaterra
78%
UEFA Islândia
78%
UEFA Suécia
78%
UEFA Suíça
78%
CAF Angola
75%
CAF Argélia
75%
AFC Catar
75%
UEFA Cazaquistão
75%
CAF Costa do Marfim
75%
AFC Emirados Árabes Unidos
75%
UEFA Estônia
75%
CAF Etiópia
75%
CAF Gana
75%
CONCACAF Guatemala
75%
CAF Guiné
75%
AFC Índia
75%
AFC Indonésia
75%
AFC Iraque
75%
UEFA Irlanda do Norte
75%
UEFA Israel
75%
CONCACAF Jamaica
75%
UEFA Noruega
75%
UEFA Países Baixos
75%
CONCACAF Panamá
75%
UEFA Rússia
75%
AFC Arábia Saudita
72%
CONCACAF Bahamas
72%
CONCACAF Barbados
72%
CAF Camarões
72%
UEFA Hungria
72%
UEFA Macedônia do Norte
72%
CONCACAF Nicarágua
72%
AFC Omã
72%
UEFA Polônia
72%
AFC Afeganistão
69%
AFC Bangladesh
69%
UEFA Bielorrússia
69%
UEFA Bósnia e Herzegovina
69%
UEFA Bulgária
69%
UEFA Chipre
69%
CONCACAF Cuba
69%
CAF Guiné-Bissau
69%
UEFA Itália
69%
UEFA Letônia
69%
UEFA Luxemburgo
69%
CAF Marrocos
69%
UEFA Moldávia
69%
CAF Níger
69%
UEFA País de Gales
69%
CAF República Democrática do Congo
69%
UEFA Romênia
69%
CAF Senegal
69%
UEFA Turquia
69%
UEFA Ucrânia
69%
CAF Zimbábue
69%
CONCACAF Antígua e Barbuda
67%
UEFA Armênia
67%
CONCACAF Belize
67%
AFC Butão
67%
CAF Congo
67%
UEFA Escócia
67%
OFC Fiji
67%
CAF Gabão
67%
UEFA Geórgia
67%
CONCACAF Haiti
67%
UEFA Lituânia
67%
UEFA Montenegro
67%
OFC Papua Nova Guiné
67%
AFC Paquistão
67%
CAF Quênia
67%
CAF Sudão
67%
CAF Togo
67%
CONCACAF Trinidad e Tobago
67%
CAF Tunísia
67%
AFC Turcomenistão
67%
AFC Uzbequistão
67%
UEFA Azerbaijão
64%
CAF Gâmbia
64%
OFC Ilhas Salomão
64%
AFC Jordânia
64%
UEFA Kosovo
64%
CAF Lesoto
64%
AFC Líbano
64%
AFC Mongólia
64%
CAF Nigéria
64%
CAF Somália
64%
AFC Taiwan
64%
CAF Zâmbia
64%
AFC Brunei
61%
CAF Cabo Verde
61%
CAF Eritréia
61%
CAF Essuatíni
61%
AFC Filipinas
61%
CAF Guiné Equatorial
61%
AFC Kuwait
61%
CAF Líbia
61%
UEFA Malta
61%
UEFA República Tcheca
61%
CAF Sudão do Sul
61%
AFC Tailândia
61%
AFC Tajiquistão
61%
OFC Vanuatu
61%
AFC Birmânia
58%
CAF Botswana
58%
CAF Djibouti
58%
CONCACAF Dominica
58%
AFC Laos
58%
UEFA Liechtenstein
58%
AFC Maldivas
58%
AFC Nepal
58%
UEFA San Marino
58%
CONCACAF Santa Lúcia
58%
AFC Bahrein
56%
CAF Benim
56%
AFC Camboja
56%
CAF Chade
56%
CAF Maurícia
56%
AFC Palestina
56%
AFC Quirguistão
56%
CAF República Centro-Africana
56%
CONCACAF República Dominicana
56%
OFC Samoa
56%
CONCACAF São Cristóvão e Nevis
56%
CAF São Tomé e Príncipe
56%
CAF Seychelles
56%
AFC Síria
56%
AFC Sri Lanka
56%
OFC Tonga
56%
AFC Vietnã
56%
CAF Burkina Faso
53%
CAF Burundi
53%
AFC Malásia
53%
CONCACAF São Vicente e Granadinas
53%
CAF Uganda
53%
CONCACAF Granada
50%
AFC Iêmen
50%
CAF Libéria
50%
CAF Madagascar
50%
CAF Malawi
50%
CAF Mauritânia
50%
CAF Moçambique
50%
CAF Namíbia
50%
CAF Ruanda
50%
CAF Serra Leoa
50%
AFC Singapura
50%
AFC Timor-Leste
50%
CAF Comores
47%
CAF Tanzânia
47%
CAF Mali
44%
CONCACAF Curaçao
42%
AFC Hong Kong
42%
UEFA Ilhas Feroe
42%
CONCACAF Porto Rico
42%
OFC Taiti
42%
CONCACAF Bermudas
36%
OFC Nova Caledônia
36%
UEFA Gibraltar
33%
CONCACAF Aruba
31%
AFC Macau
31%
AFC Guam
28%
CONCACAF Anguilla
25%
CONCACAF Ilhas Virgens Americanas
25%
OFC Ilhas Cook
22%
CONCACAF Ilhas Virgens Britânicas
22%
OFC Samoa Americana
22%
CONCACAF Ilhas Cayman
19%
CONCACAF Montserrat
19%
CONCACAF Ilhas Turks e Caicos
14%
Nenhum quiz correspondente encontrado
Distribuição das Pontuações
Porcentagem de Pessoas com Cada Pontuação
Percentil de Números Respondidos
Sua Pontuação Histórica
Você não jogou esse quiz